<?xml version="1.0" encoding="UTF-8"?>
<marc:record xmlns:marc="http://www.loc.gov/MARC21/slim">
   <marc:leader>00000nam a2200000 a 4500</marc:leader>
   <marc:datafield ind1="1" ind2=" " tag="100">
      <marc:subfield code="a">Kehribar, Beril</marc:subfield>
      <marc:subfield code="4">aut</marc:subfield>
      <marc:subfield code="e">Verfasser/-in</marc:subfield>
   </marc:datafield>
   <marc:datafield ind1="0" ind2="0" tag="245">
      <marc:subfield code="a">Erbin der Dunkelheit</marc:subfield>
   </marc:datafield>
   <marc:datafield ind1="0" ind2="0" tag="245">
      <marc:subfield code="c">Beril Kehribar</marc:subfield>
   </marc:datafield>
   <marc:datafield ind1=" " ind2="1" tag="264">
      <marc:subfield code="a">Hamburg</marc:subfield>
      <marc:subfield code="b">Carlsen</marc:subfield>
      <marc:subfield code="c">2022</marc:subfield>
   </marc:datafield>
   <marc:datafield ind1="1" ind2=" " tag="490">
      <marc:subfield code="a">Schattenthron</marc:subfield>
      <marc:subfield code="v">1</marc:subfield>
   </marc:datafield>
   <marc:datafield ind1=" " ind2=" " tag="250">
      <marc:subfield code="a">1. Auflage</marc:subfield>
   </marc:datafield>
   <marc:datafield ind1="1" ind2=" " tag="520">
      <marc:subfield code="a">Angaben aus der Verlagsmeldung

Schattenthron 1: Erbin der Dunkelheit : Romantasy über eine verborgene Thronanwärterin und einen dunklen Kronprinzen / von Beril Kehribar

**Hüte dich vor den Geheimnissen des Kronprinzen …**

Kaaya hat keine Vergangenheit, keine Erinnerungen, keine Familie. Nichts außer Arian, der sie einst von den Straßen geholt und bei sich aufgenommen hat. Doch bevor sie ihrem besten Freund sagen kann, was sie wirklich für ihn empfindet, wird seine Seele von einem Schattenelfen gestohlen und er bleibt als Hülle zurück. Um ihn zu retten, reist die 18-Jährige ins Reich der Schatten, wo sie sich inmitten eines uralten Krieges wiederfindet. Das, was Kaaya dort über sich erfährt, bringt alles ins Wanken, an das sie bisher geglaubt hat. Sie muss erkennen, dass sie niemandem mehr vertrauen kann, nicht einmal sich selbst und ihren eigenen Gefühlen – gerade wenn es um den mysteriösen Kronprinzen Ilias geht, der seine ganz persönliche Mission verfolgt …

Folge deinem Herzen und entdecke dein wahres Erbe.

//Dies ist der erste Band der magischen Dilogie »Schattenthron« von Beril Kehribar. Alle Bände der Fantasy-Liebesgeschichte bei Impress:
-- Schattenthron 1: Erbin der Dunkelheit
-- Schattenthron 2 (erscheint im Februar 2022)//

Beril Kehribar ist eine der bekanntesten Buchbloggerinnen Deutschlands. Auf ihrem Instagram-Account @berilria.books schreibt sie über besondere Geschichten, wunderschöne Schmuckausgaben und alles, was sie in der Welt der Fantasy und Romance inspiriert und fasziniert.

</marc:subfield>
   </marc:datafield>
   <marc:datafield ind1=" " ind2=" " tag="020">
      <marc:subfield code="a">9783551304643</marc:subfield>
      <marc:subfield code="9">9783551304643</marc:subfield>
   </marc:datafield>
   <marc:datafield ind1=" " ind2=" " tag="020">
      <marc:subfield code="a">3551304645</marc:subfield>
      <marc:subfield code="9">3551304645</marc:subfield>
   </marc:datafield>
   <marc:datafield ind1=" " ind2=" " tag="041">
      <marc:subfield code="a">ger</marc:subfield>
   </marc:datafield>
   <marc:datafield ind1=" " ind2=" " tag="300">
      <marc:subfield code="a">347 Seiten</marc:subfield>
   </marc:datafield>
</marc:record>
